ბათუმის შოთა რუსთაველის სახელმწიფო უნივერსიტეტის ბიბლიოთეკა

Финансы,деньги,кредит. (ბიბ.ჩანაწერი № 35013)

000 -LEADER
fixed length control field 00643nam a2200241Ia 4500
001 - CONTROL NUMBER
control field 852
003 - CONTROL NUMBER IDENTIFIER
control field GE_BSU
008 - FIXED-LENGTH DATA ELEMENTS--GENERAL INFORMATION
fixed length control field 181216s||||||||xx |||||||||||||| ||und||
020 ## - INTERNATIONAL STANDARD BOOK NUMBER
International Standard Book Number 5980325816
040 ## - CATALOGING SOURCE
Transcribing agency GE_BSU
080 ## - UNIVERSAL DECIMAL CLASSIFICATION NUMBER
Universal Decimal Classification number 336(075.8)
100 ## - MAIN ENTRY--PERSONAL NAME
Personal name Вигман, С.Л.
245 ## - TITLE STATEMENT
Title Финансы,деньги,кредит.
245 ## - TITLE STATEMENT
Remainder of title В вопросах и ответах.Учебное пособие
260 ## - PUBLICATION, DISTRIBUTION, ETC.
Place of publication, distribution, etc. Москва
260 ## - PUBLICATION, DISTRIBUTION, ETC.
Name of publisher, distributor, etc. Проспект
260 ## - PUBLICATION, DISTRIBUTION, ETC.
Date of publication, distribution, etc. 2004
300 ## - PHYSICAL DESCRIPTION
Extent 255стр.
653 ## - INDEX TERM--UNCONTROLLED
Uncontrolled term Финансы,деньги,кредит.
653 ## - INDEX TERM--UNCONTROLLED
Uncontrolled term Экономика
942 ## - ADDED ENTRY ELEMENTS (KOHA)
Koha item type წიგნი
ეგზემპლარები
Withdrawn status Lost status Damaged status Not for loan Date acquired Barcode Date last seen Price effective from Koha item type
        2018-12-17 1086 2018-12-17 2018-12-17 წიგნი